000 00228nam a22001097a 4500
040 _cSK
082 _a570
100 _aឌុក ឆេង
245 _aជីវវិទ្យា
260 _aRUA
_bឌុក
_c1994
942 _cKB
999 _c8525
_d8525